| 000 | 01776nam0a2200337 4500 | ||
|---|---|---|---|
| 001 | RU\NLR\bibl\163708 | ||
| 005 | 20260405150106.0 | ||
| 021 |
_aRU _b2001-3203п _9112 |
||
| 035 | _a(NLR Aleph) 000160584 | ||
| 090 |
_a923576 _c923576 |
||
| 100 | _a20010618d2000 |||y0rusy50 ca | ||
| 101 | 0 | _arus | |
| 102 | _aRU | ||
| 105 | _ay ||||||||| | ||
| 200 | 1 |
_aОсобенности институционализации движения к новой безопасности в XXI веке _eНауч. докл. _fЛеонид Шершнев |
|
| 210 |
_aМ. _cГ.М. Сергеев _cДЦ РАГС _d2000 |
||
| 215 |
_a30 с. _d20 |
||
| 225 | 1 |
_aЭНДИСИ _eАналит. бюл. _eНауч. докл. Ин-та стратег. исслед. _eПрил. к журн. "Русьэко" _fФонд экол. безопасности "Чистая Родина" и др. _vN4 |
|
| 300 | _aВ надзаг. также: Экол. нар. журн. "Русьэко", Междунар. обществ. фонд "Фонд нац. и междунар. безопасности", Ин-т стратег. исслед. | ||
| 320 | _aБиблиогр. в подстроч. примеч. | ||
| 606 | 0 |
_aГлобальные проблемы современности _91456397 _3RU\NLR\auth\66307782 |
|
| 606 | 0 |
_aНациональная безопасность _yРоссийская Федерация _91815933 _3RU\NLR\auth\66819711 |
|
| 686 | _aФ3(0)4 | ||
| 686 | _aФ5(2)1 | ||
| 700 | 1 |
_4070 _8rus _7ca _aШершнев _bЛ. И. _gЛеонид Иванович _3RU\NLR\auth\7761445 _944375 |
|
| 801 | 0 |
_aRU _bNLR _c20010618 _gPSBO |
|
| 801 | 1 |
_aRU _bNLR _c20010618 |
|
| 852 |
_aNLR _jП22/7365 |
||
| 942 | _cBOOK | ||
| 980 | _aNB | ||